Normal view
MARC view
- Sana Rahim
Entry Personal Name
001 - CONTROL NUMBER
- control field: 110303
003 - CONTROL NUMBER IDENTIFIER
- control field: NUST
005 - DATE AND TIME OF LATEST TRANSACTION
- control field: 20230315105740.0
008 - FIXED-LENGTH DATA ELEMENTS
- fixed length control field: 230315|| aca||aabn | a|a d
040 ## - CATALOGING SOURCE
- Original cataloging agency: NUST
- Transcribing agency: NUST
100 ## - HEADING--PERSONAL NAME
- Personal name: Sana Rahim
670 ## - SOURCE DATA FOUND
- Source citation: Work cat.: (NUST): Sana Rahim., Socioeconomic Classification Using Satellite Imagery and Machine Learning /, March-2023.
